Business Analysis (Record no. 6161)

MARC details
005 - DATE AND TIME OF LATEST TRANSACTION
control field 20250628184424.0
020 ## - INTERNATIONAL STANDARD BOOK NUMBER
International Standard Book Number 978-184710736-7
100 ## - MAIN ENTRY--PERSONAL NAME
Author name ACCA
245 ## - TITLE STATEMENT
Title Business Analysis
260 ## - PUBLICATION, DISTRIBUTION, ETC.
Place of publication, distribution, etc. Berkshire
Name of publisher, distributor, etc. Kaplan Publishing
Date of publication, distribution, etc. 2009
300 ## - PHYSICAL DESCRIPTION
Extent xxvi, 611p.: ill; tables
Other physical details Index
Dimensions 28cm
942 ## - ADDED ENTRY ELEMENTS (KOHA)
Source of classification or shelving scheme Dewey Decimal Classification
Koha item type Books
Holdings
Date last seen Total checkouts Full call number Barcode Cost, replacement price Price effective from Koha item type Lost status Source of classification or shelving scheme Damaged status Not for loan Withdrawn status Home library Current library Shelving location Date acquired Source of acquisition Cost, normal purchase price
06/28/2025   658.8 ACC MBY0001027 90000.00 06/28/2025 Books   Dewey Decimal Classification       CBE MBEYA CBE MBEYA General Collection 06/28/2025 DONATION 30000.00